Aktuálne problémy lingvistickej terminológie zborník materiálov zo zasadnutia Komisie pre lingvistickú terminológiu pri Medzinárodnom komitéte slavistov Smolenice 28. januára - 1. februára 1974

Bibliographic Details
Format: Book
Language:Slovak
Czech
English
Polish
Russian
PhysicalDescription:136 strán 29 cm
Published: Bratislava Veda 1976
Edition:1. vyd.
Subjects:

MARC

LEADER 00000cam a2200000 a 4500
001 vtls001140894
003 SK-MaSNL
005 20260301153911.0
008 250313s1976 xo frn 10000 slo
015 |a SNBA1976 
035 |a SNK000083747 
035 |a urn:nbn:sk:snk-am3j1q0 
035 |a 808327F4-5AF6-4DF0-BC12-4C54508DA58D 
035 |a urn:nbn:sk:snk-am00gjvq 
040 |a SNK  |b slo  |c SNK  |e AACR2 
041 0 |a slo  |a cze  |a eng  |a pol  |a rus 
044 |a xo  |c SK 
072 7 |a 81  |x Lingvistika. Jazyky  |2 konspekt 
080 |a 80:801.316.4=00  |2 1981 
080 |a 801.316.4:80=00  |2 1981 
080 |a 81'1  |2 2011 
080 |a 81'373.46  |2 2011 
080 |a (062.534)  |2 2011 
245 0 0 |a Aktuálne problémy lingvistickej terminológie  |b zborník materiálov zo zasadnutia Komisie pre lingvistickú terminológiu pri Medzinárodnom komitéte slavistov Smolenice 28. januára - 1. februára 1974 
250 |a 1. vyd. 
260 |a Bratislava  |b Veda  |c 1976 
300 |a 136 strán  |c 29 cm 
500 |a Vydané pre Jazykovedný ústav Ľ. Štúra SAV 
504 |a Obsahuje bibliografické odkazy 
546 |a Čiastočný text v angličtine, češtine, poľštine a ruštine 
650 0 7 |a lingvistika  |2 SNKPH  |9 860 
650 0 7 |a terminológia  |2 SNKPH  |9 3617 
655 7 |a zborníky konferencií  |2 SNKPH  |9 70153 
710 2 |a Slovenská akadémia vied.  |b Jazykovedný ústav Ľudovíta Štúra  |4 pbl  |9 54860 
852 |a Slovenská národná knižnica 
958 |a OND 
958 |a ART 
958 |a TL 
958 |a NB 
999 |c 794876  |d 796806 
952 |a SNK  |b SNK  |y PREZ  |7 0  |p 17A0942582  |o snkSB 24277  |0 0  |1 0  |4 0  |d 2012-07-25  |f 1  |l 0  |r 2025-03-28 00:00:00  |w 2026-02-24 
952 |t P60, <04>, [BOOK], {604}  |a SNK  |b SNK  |y VYP  |7 0  |p 17A0402940  |o snkSB 24277 D1  |i snkKSP 6886/76  |0 0  |1 0  |4 0  |d 2003-11-14  |l 0  |r 2005-01-01 00:00:00  |w 2026-02-24